[Event "79th UKR-ch"]
[Site "Alushta UKR"]
[Date "2010.05.04"]
[Round "2"]
[White "Shtembuliak, Evgeny"]
[WhiteElo "2007"]
[Black "Kalinina, Olga"]
[BlackElo "2254"]
[Result "0-1"]
[EventDate "2010.05.02"]
[PlyCount "126"]

1. d4 Nf6 2. Nc3 c5 3. d5 e6 4. e4 exd5 5. exd5 d6 6. Be2 a6 7. a4 Be7 8. Nf3
O-O 9. O-O Bf5 10. Nh4 Bc8 11. Nf3 h6 12. Nd2 b6 13. Nc4 Nbd7 14. Bf4 Qc7 15.
Bf3 Rd8 16. Re1 Nf8 17. Rxe7 Qxe7 18. Nxb6 Rb8 19. Nc4 Ng6 20. Bg3 Ne5 21. Bxe5
dxe5 22. d6 Qe6 23. Bd5 Nxd5 24. Qxd5 Qxd5 25. Nxd5 Be6 26. Nde3 Rb4 27. b3
Bxc4 28. Nxc4 Rxc4 29. bxc4 Rxd6 30. Kf1 Rd4 31. Ra3 Rxc4 32. c3 Re4 33. a5 f6
34. f3 Re3 35. Kf2 Rd3 36. Ke2 c4 37. Ra4 Rxc3 38. Kd2 Rd3+ 39. Kc2 Rd5 40. h4
h5 41. Kc3 Kf7 42. Ra2 Rc5 43. Kb4 Rc6 44. Kc3 Ke6 45. Rb2 Kd5 46. Rb7 g6 47.
Rg7 f5 48. Rg8 e4 49. fxe4+ Kxe4 50. Rb8 Kd5 51. Rb7 Re6 52. Rd7+ Kc5 53. Rc7+
Kb5 54. Rb7+ Kxa5 55. Rb2 Re4 56. g3 Rg4 57. Rb1 Rxg3+ 58. Kxc4 Rg4+ 59. Kc5
Ka4 60. Ra1+ Kb3 61. Rxa6 Kc3 62. Kd5 Kd3 63. Ke5 Ke3 0-1

[Event "79th UKR-ch"]
[Site "Alushta UKR"]
[Date "2010.05.04"]
[Round "2"]
[White "Andrieiev, Volodymyr"]
[WhiteElo "1999"]
[Black "Troshchenko, Pavlo"]
[BlackElo "2199"]
[Result "0-1"]
[EventDate "2010.05.02"]
[PlyCount "56"]

1. e4 e6 2. d4 d5 3. e5 c5 4. c3 Nc6 5. Nf3 Bd7 6. a3 Rc8 7. b4 cxb4 8. axb4 a5
9. b5 Na7 10. Qa4 b6 11. Bd2 f6 12. exf6 Nxf6 13. Bd3 Bd6 14. Ne5 O-O 15. Nxd7
Qxd7 16. f3 Nh5 17. O-O Qc7 18. Qc2 Bxh2+ 19. Kf2 Qg3+ 20. Ke2 Qxg2+ 21. Kd1
Rxf3 22. Rxf3 Qxf3+ 23. Kc1 Nf6 24. Kb2 Bf4 25. c4 Nxb5 26. Bc3 dxc4 27. Be2
Qe4 28. Qd1 Nd5 0-1

[Event "79th UKR-ch"]
[Site "Alushta UKR"]
[Date "2010.05.04"]
[Round "2"]
[White "Reshetkov, Kyrylo"]
[WhiteElo "2176"]
[Black "Kuchin, Pavel"]
[BlackElo "1994"]
[Result "1-0"]
[EventDate "2010.05.02"]
[PlyCount "57"]

1. d4 f5 2. Bg5 Nf6 3. Bxf6 exf6 4. e3 d5 5. c4 Bb4+ 6. Nc3 Nc6 7. Nh3 Be6 8.
Nf4 Bf7 9. Qb3 Qe7 10. O-O-O Bxc3 11. Qxc3 O-O-O 12. c5 g5 13. Nd3 Bh5 14. Re1
Nb8 15. b4 c6 16. a4 Be8 17. h4 g4 18. Nf4 Bd7 19. Bd3 Rde8 20. b5 Qd8 21. Kd2
Qc7 22. Rb1 g3 23. fxg3 Rhg8 24. Rh3 Re7 25. a5 Reg7 26. a6 bxa6 27. bxa6 Rxg3
28. Rxg3 Rxg3 29. Rb7 1-0

[Event "79th UKR-ch"]
[Site "Alushta UKR"]
[Date "2010.05.04"]
[Round "2"]
[White "Kalinina, Marianna"]
[WhiteElo "1979"]
[Black "Borzov, Dmytro"]
[BlackElo "2173"]
[Result "0-1"]
[EventDate "2010.05.02"]
[PlyCount "86"]

1. e4 d6 2. d4 Nf6 3. Bd3 g6 4. Ne2 Bg7 5. O-O O-O 6. f4 e5 7. c3 Nc6 8. Nd2
exd4 9. cxd4 Bg4 10. Nf3 d5 11. e5 Ne4 12. h3 Be6 13. Be3 f6 14. Qb1 Nb4 15.
Nc3 Nxd3 16. Qxd3 Nxc3 17. bxc3 Bf5 18. Qd2 b6 19. Kh2 Rc8 20. Qf2 Qe7 21. Rfd1
Be4 22. Qg3 Bxf3 23. gxf3 Qe6 24. Rd2 c5 25. a4 cxd4 26. Bxd4 fxe5 27. fxe5 Bh6
28. Qg2 Bf4+ 29. Kg1 Bxd2 30. Qxd2 Rxf3 31. Qg2 Qxh3 32. Qxh3 Rxh3 33. a5 Rhxc3
34. Bxc3 Rxc3 35. Kf2 Kf7 36. axb6 axb6 37. Ra7+ Ke6 38. Rxh7 Kxe5 39. Rg7 Rc6
40. Ke3 d4+ 41. Kd3 Rd6 42. Re7+ Kf5 43. Rf7+ Kg4 0-1

[Event "79th UKR-ch"]
[Site "Alushta UKR"]
[Date "2010.05.04"]
[Round "2"]
[White "Avetisyan, Tyhran"]
[WhiteElo "1959"]
[Black "Matiushyn, Oleh"]
[BlackElo "2168"]
[Result "1/2-1/2"]
[EventDate "2010.05.02"]
[PlyCount "74"]

1. d4 Nf6 2. c4 g6 3. Nc3 d5 4. Bg5 Ne4 5. Nxe4 dxe4 6. Qd2 Bg7 7. e3 O-O 8.
Ne2 Nd7 9. Nc3 f5 10. Be2 Nf6 11. O-O Be6 12. Rad1 Bf7 13. b3 Qd7 14. f3 exf3
15. Bxf3 c6 16. Rfe1 Rae8 17. e4 fxe4 18. Nxe4 Nxe4 19. Rxe4 e5 20. d5 cxd5 21.
cxd5 Qd6 22. Qa5 a6 23. Be3 Rc8 24. Bg4 Rc2 25. Rc4 Rxc4 26. bxc4 e4 27. c5 Qe5
28. d6 Bf6 29. Bd4 Qxd4+ 30. Rxd4 Bxd4+ 31. Kh1 Bc4 32. h4 Rf1+ 33. Kh2 Be5+
34. g3 Rf2+ 35. Kh1 e3 36. Qd8+ Rf8 37. Qe7 Rf1+ 1/2-1/2

[Event "79th UKR-ch"]
[Site "Alushta UKR"]
[Date "2010.05.04"]
[Round "2"]
[White "Andrenko, Iryna"]
[WhiteElo "2149"]
[Black "Barantseva, Oleksandra"]
[BlackElo "1855"]
[Result "1-0"]
[EventDate "2010.05.02"]
[PlyCount "41"]

1. e4 c5 2. c3 d5 3. exd5 Qxd5 4. d4 cxd4 5. cxd4 Nf6 6. Nc3 Qd6 7. Nf3 e6 8.
Ne5 Be7 9. Bf4 O-O 10. Ng6 Qd8 11. Nxf8 Bxf8 12. Be2 Nc6 13. Be3 Nb4 14. O-O
Nbd5 15. Bg5 Be7 16. Bf3 Bd7 17. Nxd5 exd5 18. Qb3 Bc6 19. Rfe1 Qd7 20. Re3 Ba4
21. Rxe7 1-0

[Event "79th UKR-ch"]
[Site "Alushta UKR"]
[Date "2010.05.04"]
[Round "2"]
[White "Chernoukhov, Oleksandr"]
[WhiteElo "1837"]
[Black "Berezka, Alexandr"]
[BlackElo "2145"]
[Result "0-1"]
[EventDate "2010.05.02"]
[PlyCount "150"]

1. d4 d5 2. Nc3 Bf5 3. Bg5 Nf6 4. Bxf6 exf6 5. e3 c6 6. Nge2 Qb6 7. Rb1 Bd6 8.
Ng3 Bg6 9. Be2 O-O 10. O-O Re8 11. a3 Nd7 12. Re1 Qc7 13. Nf1 Rad8 14. Bf3 f5
15. g3 Nf6 16. Bg2 Ne4 17. Nxe4 fxe4 18. g4 f5 19. gxf5 Bxf5 20. Ng3 Bg6 21. b4
Rf8 22. Qe2 b5 23. c3 a5 24. Ra1 a4 25. Bh3 h5 26. Be6+ Kh8 27. Nxh5 Bxh2+ 28.
Kg2 Rf3 29. Rh1 Bxh5 30. Rxh2 Qxh2+ 31. Kxh2 Rh3+ 32. Kxh3 Bxe2 33. Rg1 Rd6 34.
Bf5 Rf6 35. Rg5 Kg8 36. Kg3 Kf7 37. Bc8 g6 38. Kg2 Bf3+ 39. Kg1 Rd6 40. Rg3 Kf6
41. Rh3 Bh5 42. Kh2 Kg5 43. Kg3 Rf6 44. Bd7 Rf3+ 45. Kg2 Bg4 46. Rh7 Bxd7 47.
Rxd7 Rf6 48. Rh7 Kg4 49. Rh8 Kf5 50. Rh3 Rf7 51. Kg3 Kf6 52. Rh4 Kg7 53. Rf4
Re7 54. f3 exf3 55. Kxf3 g5 56. Rg4 Kg6 57. Rg2 Rh7 58. Re2 Kf5 59. Rg2 Rh1 60.
Rf2 Ra1 61. e4+ dxe4+ 62. Ke3+ Kg6 63. Kxe4 Rxa3 64. Rf3 Rb3 65. Kd3 a3 66. Rf8
Rb2 67. Rc8 Rf2 68. Rxc6+ Rf6 69. Rc8 Ra6 70. Rg8+ Kf7 71. Rxg5 a2 72. Rg1 a1=Q
73. Rxa1 Rxa1 74. d5 Rd1+ 75. Ke4 Ke7 0-1

[Event "79th UKR-ch"]
[Site "Alushta UKR"]
[Date "2010.05.04"]
[Round "2"]
[White "Varchenko, Hryhorii"]
[WhiteElo "2141"]
[Black "Kotyk, Vitalii"]
[BlackElo "1817"]
[Result "1-0"]
[EventDate "2010.05.02"]
[PlyCount "97"]

1. Nf3 Nf6 2. c4 g6 3. b3 Bg7 4. Bb2 O-O 5. g3 d6 6. Bg2 e5 7. d3 Nc6 8. O-O
Kh8 9. Nc3 Ng8 10. Nd5 Nce7 11. e4 c6 12. Ne3 f5 13. c5 b5 14. cxd6 Qxd6 15. d4
f4 16. Nc2 Bg4 17. dxe5 Qc7 18. Qc1 fxg3 19. fxg3 Bxf3 20. Bxf3 Bxe5 21. Kg2
Rad8 22. Ne3 Nf6 23. Qc2 Kg7 24. Rad1 h5 25. Ba3 Nc8 26. Bxf8+ Rxf8 27. Kh1 Rh8
28. Ng2 h4 29. Nf4 Kf7 30. Kg2 Ne7 31. Ne2 Qc8 32. g4 h3+ 33. Kh1 Kg7 34. Qc5
Qc7 35. Nd4 Bxd4 36. Qxd4 c5 37. Qc3 b4 38. Qb2 Qf4 39. Rd7 Re8 40. Qd2 Qe5 41.
Rxa7 Qb8 42. e5 Nxg4 43. Rb7 Qc8 44. Qg5 Qf5 45. Qxg4 Qd3 46. Qxh3 Rh8 47.
Rxe7+ Kf8 48. Qxh8+ Kxe7 49. Qf6+ 1-0

[Event "79th UKR-ch"]
[Site "Alushta UKR"]
[Date "2010.05.04"]
[Round "2"]
[White "Belous, Mikhail"]
[WhiteElo "1806"]
[Black "Dementiev, Oleg"]
[BlackElo "1961"]
[Result "1/2-1/2"]
[EventDate "2010.05.02"]
[PlyCount "94"]

1. d4 Nf6 2. c4 c5 3. d5 e5 4. Nc3 d6 5. e4 Be7 6. Nge2 Nbd7 7. g3 O-O 8. Bg2
Ne8 9. O-O g6 10. f4 f5 11. Qc2 Ng7 12. Bd2 a6 13. a4 Bf6 14. Rae1 Rb8 15. Nc1
exf4 16. gxf4 fxe4 17. Nxe4 Bd4+ 18. Kh1 Nf6 19. Ne2 Nxe4 20. Bxe4 Bf6 21. Ng3
b5 22. f5 g5 23. Bc3 bxc4 24. Re2 Rb7 25. Rg2 Kh8 26. Rgf2 Bxc3 27. Qxc3 Qf6
28. Qc2 Re7 29. Bg2 Re5 30. Ne4 Qh6 31. Ng3 Nh5 32. Nxh5 Qxh5 33. f6 g4 34. Kg1
Qg5 35. f7 Qe3 36. Qc3 Qd4 37. Qg3 Rxf7 38. Qh4 Rxf2 39. Rxf2 Re1+ 40. Bf1
Rxf1+ 41. Kxf1 Qd1+ 42. Kg2 Qxd5+ 43. Kg1 Qd1+ 44. Rf1 Qd4+ 45. Rf2 Qd1+ 46.
Rf1 Qd4+ 47. Rf2 Qd1+ 1/2-1/2

[Event "79th UKR-ch"]
[Site "Alushta UKR"]
[Date "2010.05.05"]
[Round "3"]
[White "Syvuk, Vitalii"]
[WhiteElo "2436"]
[Black "Yastreb, Konstantin"]
[BlackElo "2209"]
[Result "1-0"]
[EventDate "2010.05.02"]
[PlyCount "99"]

1. e4 d6 2. d4 Nf6 3. Nc3 g6 4. Bg5 c6 5. Qe2 Bg7 6. O-O-O Qa5 7. f4 Bg4 8. Nf3
O-O 9. h3 Bxf3 10. Qxf3 b5 11. a3 b4 12. axb4 Qxb4 13. e5 dxe5 14. dxe5 Nfd7
15. Qe4 Qxe4 16. Nxe4 f6 17. Bc4+ Kh8 18. exf6 exf6 19. Bh4 Nb6 20. Be6 Na6 21.
f5 gxf5 22. Nd6 Nc5 23. Rhe1 Bh6+ 24. Kb1 Bf4 25. Bxf5 Nd5 26. Ne4 Nxe4 27.
Bxe4 Rab8 28. Bxd5 cxd5 29. Rxd5 Be5 30. b3 Rb4 31. Rdxe5 Rxh4 32. Re8 Kg8 33.
R1e7 a5 34. Rxf8+ Kxf8 35. Ra7 Rh5 36. g4 Rxh3 37. Rxa5 Rg3 38. Ra4 Kf7 39. Re4
Kg6 40. b4 f5 41. gxf5+ Kxf5 42. Rh4 Kg6 43. b5 Rg5 44. Rb4 Rc5 45. b6 Rc8 46.
c4 Kf5 47. c5 Ke5 48. c6 Kd6 49. c7 Rf8 50. Rc4 1-0

[Event "79th UKR-ch"]
[Site "Alushta UKR"]
[Date "2010.05.05"]
[Round "3"]
[White "Kislinsky, Alexey"]
[WhiteElo "2472"]
[Black "Volovikov, Anton"]
[BlackElo "2314"]
[Result "0-1"]
[EventDate "2010.05.02"]
[PlyCount "61"]

1. e4 c5 2. Nf3 e6 3. c3 d5 4. e5 Nc6 5. d4 Qb6 6. Bd3 cxd4 7. cxd4 Bd7 8. O-O
Nxd4 9. Nbd2 Nxf3+ 10. Nxf3 Bc5 11. b4 Qxb4 12. Rb1 Qa5 13. Rxb7 Bb6 14. Bd2
Qxa2 15. Ng5 Nh6 16. Qe2 Rd8 17. h3 Qa4 18. Rc1 Qh4 19. Nf3 Qe7 20. Bg5 Qa3 21.
Rxd7 Rxd7 22. Rc8+ Bd8 23. Bb5 O-O 24. Bxh6 Rc7 25. Rxc7 Bxc7 26. Bg5 Rb8 27.
Bd3 Rb2 28. Bc2 Qc3 29. Qa6 Bxe5 30. Qxa7 Rxc2 31. Nxe5 0-1

[Event "79th UKR-ch"]
[Site "Alushta UKR"]
[Date "2010.05.05"]
[Round "3"]
[White "Kozel, Roman"]
[WhiteElo "2353"]
[Black "Mazurchak, Bohdan"]
[BlackElo "2184"]
[Result "1-0"]
[EventDate "2010.05.02"]
[PlyCount "155"]

1. c4 Nf6 2. Nc3 e6 3. Nf3 d5 4. cxd5 exd5 5. d4 Be7 6. g3 O-O 7. Bg2 c6 8. O-O
Ne4 9. Bf4 f5 10. Bxb8 Rxb8 11. Ne5 Qb6 12. Na4 Qc7 13. e3 Bd6 14. Nd3 b6 15.
Rc1 Ba6 16. Re1 Rfe8 17. Nc3 Qd7 18. Bf1 Bxd3 19. Qxd3 Bb4 20. Re2 Bxc3 21.
bxc3 21... b5 $11 22. a4 a6 23. Ra2 Rb7 24. axb5 axb5 25. Rca1 g6 26. Bg2 Nd6
27. h4 Kg7 28. Ra6 Rc8 29. Qb1 Rcc7 30. Qb4 Nc8 31. Qc5 Ra7 32. h5 Kf7 33. h6
Ke8 34. g4 Qe7 35. Rxa7 Nxa7 36. Qxe7+ Kxe7 37. g5 Nc8 38. Kh2 Nb6 39. Kg3 Na4
40. Ra3 Kd6 41. Bf1 Re7 42. Bd3 Re8 43. Kf4 Rf8 44. f3 Rf7 45. Kg3 Re7 46. Kf2
Re8 47. Ke2 Re7 48. Kd2 Re8 49. Ra2 Re7 50. Bc2 Ra7 51. e4 fxe4 52. fxe4 dxe4
53. Bxe4 Re7 54. Bc2 Rf7 55. c4 Rf2+ 56. Ke3 Rg2 57. c5+ Ke7 58. Kf3 Rxg5 59.
Bxa4 bxa4 60. Rxa4 Ke6 61. Ra7 Kd5 62. Rd7+ Kc4 63. Ke4 Rh5 64. Rxh7 Rh4+ 65.
Ke5 Rxd4 66. Ra7 Rd5+ 67. Kf6 Rh5 68. Kxg6 Rh1 69. Ra4+ Kxc5 70. Ra5+ Kb6 71.
Rh5 Rg1+ 72. Rg5 Rh1 73. h7 Rxh7 74. Kxh7 c5 75. Kg6 Kc6 76. Kf5 Kd5 77. Kf4+
Kd4 78. Kf3 1-0

[Event "79th UKR-ch"]
[Site "Alushta UKR"]
[Date "2010.05.05"]
[Round "3"]
[White "Yakymov, Volodymyr"]
[WhiteElo "2476"]
[Black "Bortnyk, Olexandr"]
[BlackElo "2339"]
[Result "1/2-1/2"]
[EventDate "2010.05.02"]
[PlyCount "91"]

1. e4 Nf6 2. e5 Nd5 3. d4 d6 4. Nf3 dxe5 5. Nxe5 c6 6. Be2 Nd7 7. O-O Nxe5 8.
dxe5 Bf5 9. Bd3 Bxd3 10. Qxd3 Qc7 11. c4 Nb6 12. e6 fxe6 13. Nd2 g6 14. Nf3 Bg7
15. Ng5 Qe5 16. a4 Bf6 17. a5 Nd7 18. f4 Qd4+ 19. Qxd4 Bxd4+ 20. Kh1 Nc5 21.
Ra3 Bf6 22. Be3 Bxg5 23. Bxc5 O-O 24. g3 e5 25. Rb3 b6 26. axb6 axb6 27. Rxb6
exf4 28. Rxc6 Ra2 29. Rb6 Rc8 30. Rb5 fxg3 31. hxg3 Bf6 32. b3 Rd8 33. Rf2 Ra1+
34. Kg2 Rb1 35. Rc2 Rd3 36. b4 Rdb3 37. Re2 R1b2 38. Rf2 Be5 39. Rxb2 Rxb2+ 40.
Kf3 Rb3+ 41. Ke2 Bxg3 42. Bxe7 h5 43. c5 h4 44. Bd6 Bxd6 45. cxd6 Kf7 46. d7
1/2-1/2

[Event "79th UKR-ch"]
[Site "Alushta UKR"]
[Date "2010.05.05"]
[Round "3"]
[White "Vdovichenko, Vladislav"]
[WhiteElo "2220"]
[Black "Kutsyi, Oleksandr"]
[BlackElo "2343"]
[Result "0-1"]
[EventDate "2010.05.02"]
[PlyCount "54"]

1. d4 Nf6 2. c4 g6 3. Nc3 Bg7 4. e4 O-O 5. Be3 d6 6. f3 e5 7. d5 Nh5 8. Qd2 f5
9. O-O-O fxe4 10. Nxe4 Nf4 11. g3 Nh5 12. Bh3 b5 13. Ng5 bxc4 14. Be6+ Kh8 15.
Nf7+ Rxf7 16. Bxf7 Nd7 17. Be6 Nb6 18. Bxc8 Qxc8 19. Ne2 Qa6 20. g4 Nf6 21. Nc3
Rb8 22. Kb1 Na4 23. Nxa4 Qxa4 24. Rc1 Qb5 25. Rc2 Nxd5 26. a4 Qb7 27. Rd1 c6
0-1

[Event "79th UKR-ch"]
[Site "Alushta UKR"]
[Date "2010.05.05"]
[Round "3"]
[White "Melnichuk, Mikhail"]
[WhiteElo "2303"]
[Black "Matiushin, Gennady"]
[BlackElo "2473"]
[Result "1/2-1/2"]
[EventDate "2010.05.02"]
[PlyCount "33"]

1. d4 d5 2. c4 c6 3. Nf3 Nf6 4. e3 e6 5. Nbd2 c5 6. cxd5 exd5 7. Bb5+ Bd7 8.
Bxd7+ Nbxd7 9. b3 cxd4 10. Nxd4 Bb4 11. Ne2 Qa5 12. O-O O-O 13. Nf3 Rac8 14. a3
Bd6 15. Bb2 Rfe8 16. Rc1 a6 17. Nc3 $11 1/2-1/2

[Event "79th UKR-ch"]
[Site "Alushta UKR"]
[Date "2010.05.05"]
[Round "3"]
[White "Vypkhaniuk, Ihor"]
[WhiteElo "2276"]
[Black "Polivanov, Anatoliy"]
[BlackElo "2381"]
[Result "1/2-1/2"]
[EventDate "2010.05.02"]
[PlyCount "84"]

1. Nf3 Nf6 2. c4 e6 3. Nc3 Bb4 4. g4 d5 5. g5 Ne4 6. Qa4+ Nc6 7. Ne5 Bxc3 8.
dxc3 O-O 9. Nxc6 bxc6 10. h4 f6 11. Bg2 Nd6 12. c5 Nf7 13. Qxc6 Bd7 14. Qa6
fxg5 15. hxg5 Nxg5 16. Qd3 Rf5 17. Be3 Rb8 18. O-O-O h6 19. f4 Nh7 20. Bh3 Rf7
21. c6 Bc8 22. Rhg1 Qh4 23. Bxa7 Ra8 24. Rg4 Qh5 25. Bf2 d4 26. Rdg1 Rxa2 27.
Bxd4 Ra1+ 28. Kd2 Rxg1 29. Rxg1 Qd5 30. Be5 Qxc6 31. Qd8+ Nf8 32. Qxc8 Qb6 33.
Rb1 Rd7+ 34. Bd4 Rxd4+ 35. cxd4 Qxd4+ 36. Ke1 Qb4+ 37. Kf2 Qxf4+ 38. Kg1 Qe3+
39. Kh2 Qf4+ 40. Kg1 Qe3+ 41. Kh2 Qf4+ 42. Kg1 Qe3+ 1/2-1/2

[Event "79th UKR-ch"]
[Site "Alushta UKR"]
[Date "2010.05.05"]
[Round "3"]
[White "Kalinina, Olga"]
[WhiteElo "2254"]
[Black "Tantsiura, Maria"]
[BlackElo "2011"]
[Result "0-1"]
[EventDate "2010.05.02"]
[PlyCount "78"]

1. e4 c5 2. Nf3 d6 3. d4 cxd4 4. Nxd4 Nf6 5. Nc3 g6 6. f4 Nc6 7. Nf3 Bg7 8. Bd3
O-O 9. O-O b5 10. a3 b4 11. axb4 Qb6+ 12. Kh1 Nxb4 13. Na4 Qb7 14. Qe1 Bd7 15.
Nc3 Rab8 16. Qh4 Bc6 17. f5 Nxd3 18. cxd3 e6 19. Bg5 Qe7 20. d4 exf5 21. e5
dxe5 22. dxe5 Bxf3 23. exf6 Bxg2+ 24. Kxg2 Rxb2+ 25. Kh3 Qe5 26. Qg3 Bxf6 27.
Bxf6 Qxf6 28. Nd5 Qg7 29. Rf4 Rxh2+ 30. Kxh2 Qb2+ 31. Rf2 Qxa1 32. Qd6 Kg7 33.
Re2 Qd4 34. Qc6 Rd8 35. Nc7 Qf4+ 36. Kg2 Rd3 37. Ne8+ Kh6 38. Qc2 Rg3+ 39. Kh1
Qf1+ 0-1

[Event "79th UKR-ch"]
[Site "Alushta UKR"]
[Date "2010.05.05"]
[Round "3"]
[White "Dolzhykova, Kateryna"]
[WhiteElo "2300"]
[Black "Stratulat, Sergey"]
[BlackElo "2236"]
[Result "0-1"]
[EventDate "2010.05.02"]
[PlyCount "72"]

1. e4 c5 2. Nf3 Nc6 3. d4 cxd4 4. Nxd4 Nf6 5. Nc3 d6 6. Bc4 Qb6 7. Nb3 e6 8.
Be3 Qc7 9. Nb5 Qd8 10. f3 a6 11. Nc3 b5 12. Be2 Be7 13. Qd2 O-O 14. O-O-O Ne5
15. h4 Bd7 16. g4 b4 17. Nb1 Qc7 18. h5 Rfc8 19. g5 Ne8 20. Nd4 a5 21. Rdg1 a4
22. Qxb4 Rab8 23. Qd2 d5 24. f4 Nc4 25. Bxc4 Qxc4 26. b3 axb3 27. axb3 Qa6 28.
g6 Qa1 29. Qh2 Nf6 30. h6 fxg6 31. hxg7 dxe4 32. Qh6 Rc3 33. Rxg6 Rxe3 34. Rg2
Ba3+ 35. Kd1 Qxd4+ 36. Rd2 Qb2 0-1

[Event "79th UKR-ch"]
[Site "Alushta UKR"]
[Date "2010.05.05"]
[Round "3"]
[White "Borzov, Dmytro"]
[WhiteElo "2173"]
[Black "Tukhaev, Adam"]
[BlackElo "2534"]
[Result "0-1"]
[EventDate "2010.05.02"]
[PlyCount "78"]

1. d4 Nf6 2. c4 e6 3. Nc3 Bb4 4. Qc2 O-O 5. a3 Bxc3+ 6. Qxc3 Qe8 7. Nf3 d6 8.
g3 a5 9. b3 a4 10. b4 b5 11. c5 Bb7 12. Bg2 Be4 13. O-O Nd5 14. Qd2 f5 15. Ne1
Nf6 16. f3 Bd5 17. Nd3 Nc6 18. Bb2 Rd8 19. cxd6 cxd6 20. Rae1 Bc4 21. e4 Qd7
22. Rf2 fxe4 23. fxe4 Qa7 24. e5 Nxe5 25. Nxe5 dxe5 26. Rxe5 Bd5 27. h3 Rf7 28.
Qg5 Rdf8 29. Rfe2 Bxg2 30. Rxg2 Nd5 31. Rxe6 Rf5 32. Qd2 Qf7 33. Re5 Rf3 34.
Qe2 h5 35. Kh2 h4 36. Rg5 Re8 37. Re5 hxg3+ 38. Rxg3 Rf2+ 39. Rg2 Rxe2 0-1

[Event "79th UKR-ch"]
[Site "Alushta UKR"]
[Date "2010.05.05"]
[Round "3"]
[White "Berezka, Alexandr"]
[WhiteElo "2145"]
[Black "Lysak, Igor"]
[BlackElo "2337"]
[Result "1/2-1/2"]
[EventDate "2010.05.02"]
[PlyCount "143"]

1. d4 Nf6 2. Nf3 g6 3. c4 Bg7 4. Nc3 O-O 5. e4 d6 6. Bg5 h6 7. Be3 e5 8. dxe5
dxe5 9. Bc5 Qxd1+ 10. Rxd1 Re8 11. Be2 c6 12. O-O Nbd7 13. Be3 Bf8 14. Ne1 Nc5
15. f3 Ne6 16. Nd3 Nd4 17. Rf2 Nc2 18. Bc1 Nb4 19. Nxb4 Bxb4 20. Na4 Bf8 21.
Be3 Be6 22. Nc5 Bxc5 23. Bxc5 Kg7 24. Bf1 b6 25. Bb4 Ng8 26. Bc3 f6 27. Rd6 c5
28. Rfd2 h5 29. g3 Nh6 30. Rc6 Rac8 31. Rdd6 Rxc6 32. Rxc6 Kf7 33. b4 cxb4 34.
Bxb4 Rc8 35. Rxc8 Bxc8 36. Bd6 Be6 37. Bb8 a6 38. a3 Bd7 39. Kf2 Ng8 40. Ke3
Ne7 41. Bc7 b5 42. f4 exf4+ 43. gxf4 Ke8 44. Kd4 Bc6 45. Ba5 Kd7 46. cxb5 axb5
47. Bh3+ f5 48. e5 Nd5 49. Bd2 Nc7 50. Bf1 Ne6+ 51. Kc3 Kc7 52. h4 Kb7 53. Be3
Nc7 54. Bd2 Ne6 55. Be2 Ka6 56. Bd1 Bd5 57. Be2 Kb6 58. Kb4 Nc7 59. Be3+ Kc6
60. Bf1 Ba2 61. Bd2 Bd5 62. Bd3 Ba2 63. Bc2 Bc4 64. Kc3 Nd5+ 65. Kd4 Nc7 66. a4
Ne6+ 67. Kc3 Nc7 68. Be3 Ba2 69. a5 Bc4 70. Bd2 Kc5 71. Be3+ Kc6 72. Bd2
1/2-1/2

[Event "79th UKR-ch"]
[Site "Alushta UKR"]
[Date "2010.05.05"]
[Round "3"]
[White "Savvopulo, Anatoly"]
[WhiteElo "2100"]
[Black "Dolzhykova, Kateryna"]
[BlackElo "2300"]
[Result "0-1"]
[EventDate "2010.05.02"]
[PlyCount "118"]

1. Nf3 d5 2. e3 Nf6 3. b3 c5 4. Bb2 Nc6 5. Bb5 Qb6 6. Bxc6+ Qxc6 7. Ne5 Qc7 8.
d3 g6 9. h3 Bg7 10. Ng4 Bxg4 11. hxg4 O-O-O 12. g5 Ne8 13. Bxg7 Nxg7 14. Qg4+
Ne6 15. f4 d4 16. e4 Qxf4 17. Qxf4 Nxf4 18. O-O e5 19. Nd2 Kd7 20. Nf3 Kd6 21.
g3 Ne6 22. Kg2 h6 23. gxh6 Rxh6 24. Rh1 Rdh8 25. Rxh6 Rxh6 26. Nh4 Rh8 27. Rf1
Ke7 28. Nf3 f6 29. Nh4 Kf7 30. Nf3 Kg7 31. Nh4 b5 32. Ra1 c4 33. bxc4 bxc4 34.
Rb1 Nc5 35. dxc4 Nxe4 36. Rb7+ Kh6 37. Rxa7 Rb8 38. Nf3 Rb2 39. Ne1 d3 40. Nxd3
Rxc2+ 41. Kf3 Nd2+ 42. Ke3 Nf1+ 43. Kf3 Nh2+ 44. Ke3 Ng4+ 45. Ke4 f5+ 46. Kd5
Rd2 47. Ra3 e4 48. Kd4 Nf2 49. c5 Rxd3+ 50. Rxd3 exd3 51. Ke3 d2 52. Kxd2 Ne4+
53. Ke3 Nxc5 54. Kf4 Kh5 55. a3 Na4 56. Kf3 Kg5 57. Kf2 Kg4 58. Kg2 f4 59. gxf4
Kxf4 0-1

[Event "79th UKR-ch"]
[Site "Alushta UKR"]
[Date "2010.05.05"]
[Round "3"]
[White "Tiba, Vladyslav"]
[WhiteElo "2008"]
[Black "Belous, Mikhail"]
[BlackElo "1806"]
[Result "0-1"]
[EventDate "2010.05.02"]
[PlyCount "56"]

1. e4 c5 2. Nf3 d6 3. d4 cxd4 4. Nxd4 Nf6 5. Nc3 a6 6. Bc4 e6 7. Bb3 Be7 8. Bg5
O-O 9. Qd2 Nbd7 10. O-O-O Qc7 11. f3 Nc5 12. g4 Bd7 13. h4 b5 14. a3 Rfb8 15.
Ba2 a5 16. b4 axb4 17. axb4 Qa7 18. Qe3 Na4 19. Bb3 Nxc3 20. Qxc3 Qa3+ 21. Qb2
Qxb4 22. Bd2 Qc5 23. h5 Qb6 24. Be3 Qa5 25. Rdf1 d5 26. Kd1 Ba3 27. Qb1 Qc3 28.
Bg1 Bb4 0-1

[Event "79th UKR-ch"]
[Site "Alushta UKR"]
[Date "2010.05.05"]
[Round "3"]
[White "Horoshkova, Lyudmyla"]
[WhiteElo "1963"]
[Black "Matiushyn, Oleh"]
[BlackElo "2168"]
[Result "1/2-1/2"]
[EventDate "2010.05.02"]
[PlyCount "85"]

1. d4 Nf6 2. c4 c5 3. Nf3 cxd4 4. Nxd4 e6 5. Nc3 a6 6. Nc2 Qc7 7. e4 Nc6 8. Be2
Bd6 9. Be3 O-O 10. Qd2 Be5 11. f3 Rb8 12. Rd1 Bxh2 13. f4 Bg3+ 14. Kf1 e5 15.
Nd5 Nxd5 16. exd5 exf4 17. Qd3 g6 18. dxc6 fxe3 19. cxd7 Qf4+ 20. Bf3 Bxd7 21.
Qxd7 Rbd8 22. Qxd8 Rxd8 23. Rxd8+ Kg7 24. Rd4 Qf5 25. Nxe3 Qb1+ 26. Nd1 b6 27.
Rh3 Be5 28. Rdh4 h5 29. g4 Bf6 30. g5 Bxg5 31. Rd4 Bf6 32. Rd2 Qf5 33. Nf2 Bg5
34. Rd5 Qb1+ 35. Kg2 Be3 36. Be4 Qe1 37. Rxe3 Qxe3 38. Rd7 Qg5+ 39. Kf1 Kf8 40.
Bd5 f5 41. Rd6 Qc1+ 42. Kg2 Qg5+ 43. Kf1 1/2-1/2

[Event "79th UKR-ch"]
[Site "Alushta UKR"]
[Date "2010.05.05"]
[Round "3"]
[White "Makarevych, Volodymyr"]
[WhiteElo "2063"]
[Black "Andrieiev, Volodymyr"]
[BlackElo "1999"]
[Result "1-0"]
[EventDate "2010.05.02"]
[PlyCount "81"]

1. e4 c5 2. Nf3 Nc6 3. c3 d5 4. exd5 Qxd5 5. d4 Bg4 6. Be2 e6 7. Be3 cxd4 8.
cxd4 Bb4+ 9. Nc3 Nge7 10. O-O Bxc3 11. bxc3 O-O 12. c4 Qd7 13. Qd2 Nf5 14. Rfd1
Rfd8 15. d5 Bxf3 16. Bxf3 Nxe3 17. Qxe3 exd5 18. cxd5 Ne7 19. Rac1 Qd6 20. Be4
a6 21. a4 g6 22. Rb1 Rd7 23. Rb6 Qe5 24. f4 Nf5 25. fxe5 Nxe3 26. Rd4 Re8 27.
d6 Rxe5 28. Rxb7 Rxe4 29. Rb8+ Kg7 30. Rxe4 Nf5 31. g4 Nxd6 32. Rd4 Rb7 33.
Rxb7 Nxb7 34. g5 h6 35. h4 hxg5 36. hxg5 Nc5 37. a5 f6 38. Rd5 Ne4 39. Rd7+ Kf8
40. gxf6 Nxf6 41. Rd6 1-0

[Event "79th UKR-ch"]
[Site "Alushta UKR"]
[Date "2010.05.05"]
[Round "3"]
[White "Petrova, Irina"]
[WhiteElo "2013"]
[Black "Chernoukhov, Oleksandr"]
[BlackElo "1837"]
[Result "1-0"]
[EventDate "2010.05.02"]
[PlyCount "143"]

1. d4 Nf6 2. c4 c5 3. d5 b5 4. cxb5 a6 5. bxa6 Bxa6 6. Nc3 g6 7. Nf3 Bg7 8. g3
d6 9. Bg2 O-O 10. O-O Nbd7 11. Qc2 Qa5 12. Rd1 Rfb8 13. Bd2 Qb6 14. b3 Ra7 15.
Rab1 Ng4 16. Be1 16... f5 $11 17. e4 Nh6 18. Na4 Qc7 19. Bc3 Re8 20. Ng5 Nf8
21. Bh3 Bc8 22. Bxg7 Kxg7 23. Nc3 Bd7 24. Ne2 Rea8 25. Ra1 Qc8 26. Nf4 Ng4 27.
exf5 Bxf5 28. Qe2 Nf6 29. Nge6+ Kg8 30. Bxf5 gxf5 31. Qd3 Ne4 32. f3 Nxe6 33.
Nxe6 c4 34. Qe3 Nf6 35. bxc4 Qe8 36. Qg5+ Qg6 37. Qd2 Nd7 38. Nf4 Qf6 39. Nh5
Qg6 40. Nf4 Qf7 41. Qe2 Ne5 42. c5 Ra3 43. Rf1 Rc3 44. c6 Qe8 45. Rac1 Nxf3+
46. Kh1 Nd4 47. Qb2 Rxc1 48. Rxc1 e5 49. dxe6 Nxc6 50. Qf6 Rxa2 51. Qf7+ Qxf7
52. exf7+ Kxf7 53. Rxc6 Rd2 54. Rc7+ Kg8 55. Nh5 h6 56. Ng7 Kh7 57. Nxf5+ Kg6
58. Ne3 Kf6 59. Rd7 Ke6 60. Rh7 d5 61. Rxh6+ Ke5 62. Rh5+ Ke4 63. Nxd5 Kf3 64.
Rf5+ Ke4 65. Ne7 Rd7 66. Rf1 Rd2 67. Kg1 Ke5 68. Rf2 Rd1+ 69. Kg2 Ke6 70. Ng6
Kd7 71. h4 Rd6 72. h5 1-0